000 00829nam a22002417a 4500
999 _c6788
_d6788
003 AR-CdUCM
008 190319b ||||| |||| 00| 0 spa d
020 _a84-205-0354-1
040 _aMUNICIPALIDAD PROVINCIAL DEL CUSCO
_cBIBLIOTECA MUNICIPAL DEL CUSCO
082 _a508 /
_bR54
100 _aRichart Jordá, E.
_919113
245 _aEvaluación de Inversiones Industriales /
260 _aMadrid :
_bAlhambra,
_c1977.
300 _a424 paginas ;
_btablas, graficos,
_c20cm.
440 _aExedra - ciencia tecnica ingenieria
_n119
_919114
505 _aContenido :Inversiones -- seleccion alternativa -- metodos -- movimientos netos de caja -- el riesgo...
650 _aInversiones
_94219
650 _aMoviemientos
_914998
650 _aCaja
_919115
650 _aRiesgo
_919116
942 _2ddc
_cLIBROS
945 _apjha